LEADER 01203nam a22003255i 4500 001 991002220129707536 007 cr nn 008mamaa 008 121227s2001 de | s |||| 0|eng d 020 $a9783540445630 035 $ab14139984-39ule_inst 040 $aBibl. Dip.le Aggr. Matematica e Fisica - Sez. Matematica$beng 082 04$a515.785$223 084 $aAMS 42B30 084 $aAMS 43A65 084 $aAMS 46L05 100 1 $aPisier, Gilles$049047 245 10$aSimilarity problems and completely bounded maps$h[e-book] :$bsecond, expanded edition /$cby Gilles Pisier 246 3 $aIncludes the solution to "The Halmos Problem" 260 $aBerlin :$bSpringer,$c2001 300 $a1 online resource (x, 202 p.) 440 0$aLecture Notes in Mathematics,$x1617-9692 ;$v1618 650 0$aMathematics 650 0$aHarmonic analysis 773 0 $aSpringer eBooks 856 40$uhttp://dx.doi.org/10.1007/b55674$zAn electronic book accessible through the World Wide Web 907 $a.b14139984$b03-03-22$c05-09-13 912 $a991002220129707536 996 $aSimilarity problems and completely bounded maps$978071 997 $aUNISALENTO 998 $ale013$b05-09-13$cm$d@ $e-$feng$gde $h0$i0 LEADER 01798nas 2200553-a 450 001 9910339522803321 005 20241221111627.0 035 $a(CKB)954921429689 035 $a(CONSER)---95657583- 035 $a(MiFhGG)5DIW 035 $a(EXLCZ)99954921429689 100 $a19950227a19959999 --- a 101 0 $aeng 181 $ctxt$2rdacontent 182 $cc$2rdamedia 183 $acr$2rdacarrier 200 00$aPeople management /$fInstitute of Personnel and Development 210 $aLondon $cPersonnel Publications$d1995- 210 3 $aLondon $cHaymarket Business Media and Haymarket Network 215 $a1 online resource 300 $aRefereed/Peer-reviewed 300 $aTitle from cover. 311 08$aPrint version: People management / (DLC) 95657583 (OCoLC)32053956 1358-6297 517 3 $aPM 531 0 $aPeople manag. 606 $aPersonnel management$vPeriodicals 606 $aPersonnel$xDirection$vPériodiques 606 $aGestion du personnel$2eclas 606 $aPublications périodiques$2eclas 606 $aPersonnel management$2fast$3(OCoLC)fst01058797 606 $aPersoneelsmanagement$2gtt 606 $aTraining$2gtt 608 $aPeriodicals.$2fast 608 $aPeriodicals.$2lcgft 615 0$aPersonnel management 615 6$aPersonnel$xDirection 615 7$aGestion du personnel. 615 7$aPublications périodiques. 615 7$aPersonnel management. 615 17$aPersoneelsmanagement. 615 17$aTraining. 676 $a658.3/005 712 02$aInstitute of Personnel and Development. 712 02$aChartered Institute of Personnel and Development. 906 $aJOURNAL 912 $a9910339522803321 920 $aexl_impl conversion 996 $aPeople management$9976262 997 $aUNINA